000 02966nam2a22003131 4500
001 RU\NLR\INFOCOMM6\1000361810
005 20250616232402.0
035 _a(NLR Aleph) 002276088
090 _a3997852
_c3997852
100 _a20031127d1886 |||y0rusy50 ca
101 0 _arus
102 _aRU
105 _ay |||||||||
200 0 _aТ.52, Кн.1
210 _d1886
_aБ. м.
421 1 _12001#$aОтчет по Главной физической обсерватории за 1883 и 1884 год
_1210##$aСпб.$d1886
_1309##$aПрипл.
_1311##$a1886 к т.52
_tОтчет по Главной физической обсерватории за 1883 и 1884 год
421 1 _12001#$aО некоторых приложениях общих функций Бенулли$fИмшенецкий В.Г.
_1700#1$aИмшенецкий$bВ.Г.
_1210##$aСпб.$d1886
_1309##$aПрипл.
_1311##$a1886 к т.52
_tО некоторых приложениях общих функций Бенулли
_aИмшенецкий, В.Г.
421 1 _12001#$aОчерк ихтиологической фауны Казанской губернии$fВарпаховский Н.А.
_1700#1$aВарпаховский$bН.А.
_1210##$aСпб.$d1886
_1309##$aПрипл.
_1311##$a1886 к т.52
_tОчерк ихтиологической фауны Казанской губернии
_aВарпаховский, Н.А.
421 0 _12001#$aМужской половой аппарат чешуекрылых$fХолодковский Н.А.
_1700#1$aХолодковский$bН. А.$gНиколай Александрович$f1858-1921$3RU\NLR\AUTH\7789032
_1210##$aСпб.$d1886
_1309##$aПрипл.
_1311##$a1886 к т.52
_tМужской половой аппарат чешуекрылых
_aХолодковский, Николай Александрович (1858-1921)
421 1 _12001#$aМатериалы к познанию эмбрионального развития Araneina$fШимкевич В.М.
_1700#1$aШимкевич$bВ.М.
_1210##$aСпб.$d1886
_1309##$aПрипл.
_1311##$a1886 к т.52
_tМатериалы к познанию эмбрионального развития Araneina
_aШимкевич, В.М.
461 0 _1001RU\NLR\INFOCOMM6\1000361712
_12001#$aЗаписки Академии наук$vТ.52, Кн.1
_93997372
_aАкадемия наук (Петербург)
_cСПб.
_d1862-1895
_tЗаписки Академии наук
_vТ.52, Кн.1
481 0 _1001v19\rc\1334709
_95327121
_cБ. м.
_d1886
_pIV, 152 с.
_tОтчет Главной физической обсерватории..., представленный директором ее, академиком Купфером, г. управляющему Министерством финансов. - ... за 1883 и 1884 годы
801 1 _aRU
_bInfoComm
_c20031127
801 0 _aRU
_bNLR
_gPSBO
852 _aNLR
_j1/447
942 _cISSUE
980 _aNB
980 _aRUSPER